Statistics for Monotreme Species

Click here to take the quiz!

General Stats

  • This quiz has been taken 39 times
  • The average score is 3 of 5

Answer Stats

OrderFamilyGenusSpeciesCommon name% Correct
MonotremataOrnithorhynchidaeOrnithorhynchusAnatinusPlatypus
100%
TachyglossidaeTachyglossusAculeatusShort-beaked echidna
62%
ZaglossusAttenboroughiSir David's long-beaked echidna
45%
BartoniEastern long-beaked echidna
41%
BruijniWestern long-beaked echidna
38%

Score Distribution

Percentile by Number Answered

Percent of People with Each Score

Your Score History

You have not taken this quiz